[Event "8th EUR-ch"]
[Site "Dresden GER"]
[Date "2007.04.09"]
[Round "7.114"]
[White "Meier, Georg"]
[Black "Bogner, Sebastian"]
[Result "1-0"]
[WhiteElo "2506"]
[BlackElo "2345"]
[EventDate "2007.04.03"]
[PlyCount "269"]

1.Nf3 Nf6 2.g3 g6 3.Bg2 Bg7 4.d4 O-O 5.O-O d6 6.b3 c5 7.c4 Nc6 8.Bb2 Bg4 
9.d5 Na5 10.Bc3 a6 11.Qe1 b6 12.e4 Bxf3 13.Bxf3 Nd7 14.Be2 e6 15.Qd2 exd5 
16.exd5 Re8 17.Re1 Rb8 18.Kg2 Be5 19.f4 Bf6 20.Bf1 Rxe1 21.Qxe1 Qe7 22.
Qxe7 Bxe7 23.Nd2 Bf6 24.Ne4 Bxc3 25.Nxc3 f5 26.Kf3 Nf6 27.h3 h5 28.Bd3 Kf7
29.Rb1 Nb7 30.Re1 Nd8 31.a3 Rb7 32.Rb1 Ke7 33.b4 Kf8 34.Rb2 Ke7 35.Na4 Kf8
36.Bc2 Ke7 37.bxc5 bxc5 38.Nb6 Rb8 39.Ba4 Nf7 40.Bc6 Kd8 41.a4 a5 42.Rb5 
Nh6 43.Na8 Kc8 44.Rxa5 Rb3+ 45.Ke2 h4 46.gxh4 Rxh3 47.Ra7 Nhg4 48.Nb6+ Kd8
49.Ra8+ Ke7 50.Nc8+ Kf7 51.Nxd6+ Ke7 52.Nc8+ Kf7 53.Ra7+ Kf8 54.d6 Nh5 55.
d7 Nxf4+ 56.Kf1 Rd3 57.Ke1 Re3+ 58.Kf1 Rd3 59.d8=Q+ Rxd8 60.Bd7 Ne3+ 61.
Kf2 Nxc4 62.Kf3 Nh5 63.Kf2 Ne5 64.Nb6 c4 65.Rc7 c3 66.Ke2 Ng3+ 67.Ke3 c2 
68.Bb5 Rd6 69.Rxc2 Ng4+ 70.Kf3 Rxb6 71.Kxg3 Ke7 72.Rd2 Nf6 73.Kf4 Ne4 74.
Rd7+ Ke6 75.Rg7 Kf6 76.Rc7 g5+ 77.hxg5+ Nxg5 78.Ke3 f4+ 79.Kd3 Rd6+ 80.Kc4
Ne6 81.Rc6 Ke5 82.a5 Rd4+ 83.Kc3 Rd6 84.Rc8 Rd5 85.Bc4 Rxa5 86.Re8 f3 87.
Rxe6+ Kf4 88.Kd2 Re5 89.Rg6 Rg5 90.Ra6 Re5 91.Bd3 Kg4 92.Rg6+ Kf4 93.Rf6+ 
Kg4 94.Kc3 Kg3 95.Rg6+ Kf2 96.Kd4 Re1 97.Be4 Rd1+ 98.Bd3 Re1 99.Be4 Rd1+ 
100.Ke5 Ke3 101.Rg3 Rf1 102.Rh3 Rf2 103.Kf5 Rf1 104.Bc6 Rf2 105.Rg3 Rc2 
106.Bxf3 Kd4 107.Kf4 Rc8 108.Be4 Rf8+ 109.Bf5 Re8 110.Rd3+ Kc4 111.Rd7 Rf8
112.Ke5 Re8+ 113.Be6+ Kc3 114.Rd6 Rh8 115.Ke4 Rh4+ 116.Ke3 Rh5 117.Rc6+ 
Kb4 118.Kd4 Rh4+ 119.Kd5 Rh5+ 120.Kd6 Rh6 121.Rc2 Rg6 122.Rc4+ Kb5 123.Rh4
Rg5 124.Bd7+ Kb6 125.Rb4+ Ka5 126.Rb2 Rg6+ 127.Be6 Ka4 128.Kd5 Ka3 129.Rb8
Rf6 130.Rb6 Rf4 131.Kc5 Rh4 132.Rb3+ Ka4 133.Rg3 Rh5+ 134.Bd5 Rf5 135.Rg2 
1-0

[Event "8th EUR-ch"]
[Site "Dresden GER"]
[Date "2007.04.09"]
[Round "7.115"]
[White "Stanojoski, Zvonko"]
[Black "Sowray, Peter"]
[Result "1/2-1/2"]
[WhiteElo "2504"]
[BlackElo "2317"]
[EventDate "2007.04.03"]
[PlyCount "126"]

1.e4 e5 2.Nf3 Nc6 3.Bb5 a6 4.Ba4 Nf6 5.O-O Be7 6.Re1 b5 7.Bb3 d6 8.c3 O-O 
9.h3 Rb8 10.d4 exd4 11.cxd4 d5 12.e5 Ne4 13.Nbd2 Bf5 14.Nf1 Qd7 15.Ne3 Be6
16.Bc2 f5 17.exf6 Bxf6 18.Nxd5 Bxd5 19.Bxe4 Bxe4 20.Rxe4 Qd5 21.Qb3 Qxb3 
22.axb3 Rfe8 23.Rxe8+ Rxe8 24.Be3 Rd8 25.Rxa6 Nxd4 26.Bxd4 Bxd4 27.Nxd4 
Rxd4 28.Ra8+ Kf7 29.Ra7 Rd1+ 30.Kh2 Rc1 31.Rb7 Rc2 32.Kg3 Kf6 33.Rxb5 Rxb2
34.f3 c5 35.h4 Rc2 36.Rb6+ Kf7 37.h5 h6 38.Rc6 Rb2 39.Kf4 Rxb3 40.Kf5 c4 
41.Rc7+ Kg8 42.Ke4 c3 43.g4 Ra3 44.Rc4 Kf7 45.f4 Kf6 46.Kd4 c2 47.Rxc2 Rg3
48.Rc6+ Kf7 49.Rg6 Rg1 50.Ke4 Ra1 51.Rd6 Ra4+ 52.Ke5 Kg8 53.Kf5 Kh7 54.Re6
Rb4 55.g5 hxg5 56.Kxg5 Rb5+ 57.f5 Rb1 58.h6 Rg1+ 59.Kf4 Rf1+ 60.Ke5 Re1+ 
61.Kd6 Rf1 62.Ke5 Re1+ 63.Kd6 Rf1 1/2-1/2

[Event "8th EUR-ch"]
[Site "Dresden GER"]
[Date "2007.04.09"]
[Round "7.116"]
[White "Simacek, Pavel"]
[Black "Loxine, Jakov"]
[Result "1/2-1/2"]
[WhiteElo "2495"]
[BlackElo "2301"]
[EventDate "2007.04.03"]
[PlyCount "138"]

1.d4 Nf6 2.Nf3 g6 3.g3 Bg7 4.Bg2 O-O 5.O-O d6 6.c4 Bg4 7.h3 Bxf3 8.Bxf3 
Nc6 9.b3 Qc8 10.Bxc6 bxc6 11.Kg2 c5 12.Be3 Qb7+ 13.f3 cxd4 14.Bxd4 c5 15.
Bc3 a5 16.Qd3 a4 17.Nd2 axb3 18.axb3 Rxa1 19.Rxa1 Ra8 20.Rxa8+ Qxa8 21.g4 
Qb7 22.Bxf6 Bxf6 23.Ne4 Bd4 24.e3 Bg7 25.h4 Qa8 26.h5 Qa2+ 27.Kh3 Qa1 28.
Ng3 Qa8 29.Qd1 Qb7 30.hxg6 hxg6 31.Ne4 Qa8 32.Kg2 Qa2+ 33.Kg3 Qa1 34.Qxa1 
Bxa1 35.f4 Kf8 36.Kf3 Bb2 37.Ng5 Bf6 38.Ne4 Bb2 39.Nf2 e6 40.f5 gxf5 41.
gxf5 Ke7 42.Kf4 Be5+ 43.Ke4 Bb2 44.Ng4 Bc3 45.Kf4 Bf6 46.e4 Bb2 47.Ke3 
Bd4+ 48.Kd3 Bb2 49.Kc2 Bd4 50.Kb1 d5 51.exd5 exd5 52.Kc2 dxc4 53.bxc4 Kd6 
54.Kd3 f6 55.Ke4 Kc6 56.Nh2 Bg1 57.Nf3 Bf2 58.Kf4 Kb6 59.Nd2 Bd4 60.Nb3 
Bc3 61.Kg4 Kc6 62.Nc1 Kb6 63.Nd3 Bd4 64.Kf3 Kc6 65.Kf4 Kb6 66.Kg4 Ka5 67.
Kf3 Kb6 68.Kf4 Kc6 69.Kg4 Kb6 1/2-1/2

[Event "8th EUR-ch"]
[Site "Dresden GER"]
[Date "2007.04.09"]
[Round "7.117"]
[White "Dinger, Florian"]
[Black "Gordon, Stephen"]
[Result "0-1"]
[WhiteElo "2317"]
[BlackElo "2490"]
[EventDate "2007.04.03"]
[PlyCount "66"]

1.e4 c5 2.Nf3 d6 3.d4 cxd4 4.Nxd4 Nf6 5.Nc3 a6 6.Bc4 e6 7.Bb3 Nbd7 8.Bg5 
Nc5 9.f4 Be7 10.Qf3 Qc7 11.O-O O-O 12.f5 Nxb3 13.axb3 Bd7 14.Qd3 Rad8 15.
Kh1 Bc8 16.Rad1 Ng4 17.Bxe7 Qxe7 18.Qg3 Nf6 19.Rd3 exf5 20.exf5 Rfe8 21.
Qf3 d5 22.g4 Ne4 23.Kg2 Qh4 24.Re3 Nd2 25.Rfe1 Qxe1 26.Rxe1 Nxf3 27.Rxe8+ 
Rxe8 28.Kxf3 Rd8 29.Na4 Kf8 30.Ke3 Ke7 31.Nf3 Bd7 32.Nc5 Rb8 33.Kd4 Be6 
0-1

[Event "8th EUR-ch"]
[Site "Dresden GER"]
[Date "2007.04.09"]
[Round "7.119"]
[White "Beckhuis, Gernod"]
[Black "Jakubowski, Krzysztof"]
[Result "0-1"]
[WhiteElo "2313"]
[BlackElo "2471"]
[EventDate "2007.04.03"]
[PlyCount "58"]

1.d4 Nf6 2.c4 e6 3.Nf3 Bb4+ 4.Nbd2 b6 5.a3 Bxd2+ 6.Qxd2 Bb7 7.e3 Ne4 8.Qc2
O-O 9.Be2 d6 10.O-O Nd7 11.b4 f5 12.d5 Rf6 13.Nd4 Rh6 14.g3 Nf8 15.Ra2 Qg5
16.f4 Qg6 17.Bd3 exd5 18.Qb3 Nxg3 19.Rg2 Ne2+ 20.Bxe2 Qxg2+ 21.Kxg2 dxc4+ 
22.Kg3 cxb3 23.Bc4+ Kh8 24.Bxb3 Rg6+ 25.Kf2 Rg2+ 26.Ke1 Be4 27.Nf3 h6 28.
Bd2 c5 29.h3 Rc8 0-1

[Event "8th EUR-ch"]
[Site "Dresden GER"]
[Date "2007.04.09"]
[Round "7.120"]
[White "Schlawin, Marlon"]
[Black "Zaragatski, Ilja"]
[Result "1/2-1/2"]
[WhiteElo "2306"]
[BlackElo "2464"]
[EventDate "2007.04.03"]
[PlyCount "38"]

1.e4 e6 2.d4 d5 3.Nc3 Bb4 4.e5 c5 5.a3 Ba5 6.b4 cxd4 7.Nb5 Bc7 8.f4 Bd7 9.
Nxc7+ Qxc7 10.Nf3 Ne7 11.Bd3 a6 12.a4 Nf5 13.O-O Qb6 14.Bxf5 exf5 15.Qxd4 
Qxd4+ 16.Nxd4 Nc6 17.Nxc6 Bxc6 18.Be3 O-O 19.Rfd1 Rfc8 1/2-1/2

[Event "8th EUR-ch"]
[Site "Dresden GER"]
[Date "2007.04.09"]
[Round "7.121"]
[White "Hindermann, Felix"]
[Black "Banusz, Tamas"]
[Result "1/2-1/2"]
[WhiteElo "2260"]
[BlackElo "2463"]
[EventDate "2007.04.03"]
[PlyCount "120"]

1.e4 e5 2.Nf3 Nc6 3.Nc3 Nf6 4.Bb5 Nd4 5.Bc4 Bc5 6.O-O d6 7.Na4 Be6 8.Bxe6 
Nxe6 9.Nxc5 Nxc5 10.Re1 O-O 11.d3 h6 12.b3 Re8 13.Bb2 a5 14.a4 Qc8 15.Qd2 
Qg4 16.h3 Qh5 17.Re3 Ne6 18.d4 Nf4 19.dxe5 dxe5 20.Rae1 Qg6 21.g3 Nxh3+ 
22.Kg2 Nf4+ 23.Kf1 Qh5 24.gxf4 exf4 25.Rd3 Qh3+ 26.Kg1 Qg4+ 27.Kf1 Nxe4 
28.Qd1 Qh3+ 29.Kg1 Qf5 30.Kf1 Qh5 31.Ng1 Qh4 32.Qf3 Ng5 33.Qg2 Rxe1+ 34.
Kxe1 Ra6 35.Rh3 f3 36.Rxh4 fxg2 37.Rg4 Re6+ 38.Kd1 Rd6+ 39.Ke1 Rg6 40.Rg3 
h5 41.f4 Re6+ 42.Kd1 Rd6+ 43.Kc1 Ne6 44.Rxg2 Rd5 45.Nh3 Rf5 46.Kd2 f6 47.
Ke3 Kf7 48.Ke4 g6 49.Ba3 b5 50.axb5 Rxb5 51.Rd2 g5 52.fxg5 Re5+ 53.Kf3 
fxg5 54.Kg2 Kg6 55.Bb2 Re3 56.Rf2 h4 57.Rf3 Re2+ 58.Rf2 Re3 59.Rf3 Re2+ 
60.Rf2 Re3 1/2-1/2

[Event "8th EUR-ch"]
[Site "Dresden GER"]
[Date "2007.04.09"]
[Round "7.122"]
[White "Womacka, Mathias"]
[Black "Asauskas, Henrikas"]
[Result "1/2-1/2"]
[WhiteElo "2460"]
[BlackElo "2264"]
[EventDate "2007.04.03"]
[PlyCount "110"]

1.e4 e5 2.Nf3 Nc6 3.Bb5 f5 4.d3 Nf6 5.O-O fxe4 6.dxe4 d6 7.Nc3 Bg4 8.h3 
Bh5 9.Qd3 Qd7 10.Nd5 a6 11.Ba4 b5 12.Bb3 Nxd5 13.exd5 Bxf3 14.Qxf3 Nd4 15.
Qe4 Be7 16.c3 Nxb3 17.axb3 O-O 18.Be3 Rf5 19.Ra5 Rff8 20.Qg4 Qxg4 21.hxg4 
Rfb8 22.Rfa1 Kf7 23.Rxa6 Rxa6 24.Rxa6 Ke8 25.Kf1 Bf6 26.g5 Be7 27.Ke2 Kd7 
28.Ra1 Ke8 29.Rh1 Kf7 30.Rxh7 b4 31.c4 Ra8 32.Kd3 Ra1 33.Rh8 Rb1 34.Kc2 
Rg1 35.g3 Kg6 36.Rc8 Bxg5 37.Bxg5 Kxg5 38.Rxc7 Kf5 39.Rd7 Rf1 40.Rxd6 
Rxf2+ 41.Kb1 e4 42.Re6 Rd2 43.Ka2 g5 44.Re8 Rd3 45.Re7 Rd4 46.Re6 Rd1 47.
g4+ Kxg4 48.Rxe4+ Kf3 49.Re6 g4 50.Rf6+ Ke4 51.Rg6 Kf5 52.Rg8 Kf4 53.Rf8+ 
Ke4 54.Rg8 Kf3 55.Rf8+ Ke4 1/2-1/2

[Event "8th EUR-ch"]
[Site "Dresden GER"]
[Date "2007.04.09"]
[Round "7.123"]
[White "Armbrust, Florian"]
[Black "Handke, Florian"]
[Result "1-0"]
[WhiteElo "2255"]
[BlackElo "2459"]
[EventDate "2007.04.03"]
[PlyCount "119"]

1.e4 e5 2.Nf3 Nc6 3.Bb5 a6 4.Bxc6 dxc6 5.O-O Bd6 6.d4 exd4 7.Qxd4 f6 8.Be3
Be6 9.Nbd2 Ne7 10.Qc3 Qd7 11.Nc4 Bxc4 12.Qxc4 Ng6 13.Nd4 O-O-O 14.Qe6 Rhe8
15.Qxd7+ Rxd7 16.f3 Ne5 17.Nf5 Bf8 18.b3 Red8 19.Kf2 c5 20.Ke2 c4 21.Rfd1 
Nc6 22.Rxd7 Rxd7 23.c3 Ne5 24.Bd4 Nd3 25.bxc4 Nf4+ 26.Kf1 Ne6 27.Ke2 g6 
28.Ne3 Nxd4+ 29.cxd4 Rxd4 30.Rd1 Rxd1 31.Kxd1 c6 32.Ng4 Be7 33.Kc2 Kc7 34.
Nf2 Bc5 35.Nd3 Bd4 36.c5 Kd7 37.Kb3 Be3 38.Kb4 Bd2+ 39.Kc4 Ke6 40.Kd4 f5 
41.g3 fxe4 42.Kxe4 Ba5 43.f4 Bd8 44.g4 Bh4 45.g5 Kf7 46.Kf3 h5 47.Ne5+ Kg7
48.Nc4 Be1 49.Nd6 Bc3 50.Ke4 Be1 51.Nxb7 Bf2 52.f5 gxf5+ 53.Kxf5 Be3 54.
Nd8 Bf2 55.Nxc6 Bxc5 56.Ne5 Bd6 57.Nd3 h4 58.Ne1 a5 59.a4 Bg3 60.Nf3 1-0

[Event "8th EUR-ch"]
[Site "Dresden GER"]
[Date "2007.04.09"]
[Round "7.125"]
[White "Moor, Roger"]
[Black "Heberla, Bartlomiej"]
[Result "0-1"]
[WhiteElo "2385"]
[BlackElo "2533"]
[EventDate "2007.04.03"]
[PlyCount "78"]

1.c4 e5 2.g3 Nc6 3.Bg2 f5 4.Nc3 Nf6 5.e3 d5 6.Nxd5 Nxd5 7.cxd5 Nb4 8.d3 
Nxd5 9.a3 Nf6 10.Qc2 Bd6 11.Nf3 O-O 12.O-O Qe8 13.e4 fxe4 14.dxe4 Qh5 15.
Nh4 Be6 16.h3 Rad8 17.Be3 b6 18.Rfd1 Qf7 19.Rd2 Rd7 20.b4 Rfd8 21.Qc3 c5 
22.bxc5 Bxc5 23.Rxd7 Nxd7 24.Bxc5 Nxc5 25.Nf5 Bxf5 26.exf5 Qxf5 27.Re1 Rd4
28.Re2 Qb1+ 29.Kh2 Qd3 30.Qb2 e4 31.Re3 Qc4 32.Rc3 Qd5 33.Qb5 Qd7 34.Qe2 
Rd2 35.Qe3 Qd4 36.g4 Qxe3 37.fxe3 Rd3 38.Rxd3 exd3 39.Kg1 d2 0-1

[Event "8th EUR-ch"]
[Site "Dresden GER"]
[Date "2007.04.09"]
[Round "7.126"]
[White "Sorokin, Maxim"]
[Black "Potapov, Pavel"]
[Result "1-0"]
[WhiteElo "2517"]
[BlackElo "2384"]
[EventDate "2007.04.03"]
[PlyCount "99"]

1.Nf3 f5 2.b3 d6 3.d4 Nf6 4.Bb2 g6 5.g3 Bg7 6.Bg2 O-O 7.O-O Qe8 8.c4 Na6 
9.Qc2 c6 10.Nbd2 h6 11.Rae1 g5 12.e4 fxe4 13.Nxe4 Nxe4 14.Qxe4 Rf7 15.Bc3 
Bf5 16.Qe3 Qd7 17.d5 c5 18.Bxg7 Kxg7 19.h4 g4 20.Nd2 Nb4 21.f3 Nc2 22.Qc3+
Kg8 23.Re2 Nd4 24.Ref2 Bg6 25.Qe3 Nf5 26.Qe6 Qxe6 27.dxe6 Rg7 28.fxg4 Ne3 
29.Bxb7 Rb8 30.Bh1 Nxf1 31.Nxf1 Rf8 32.Rd2 h5 33.g5 Bf5 34.Bd5 Rg6 35.Re2 
Kh8 36.Nd2 a5 37.Re3 Bh3 38.Nf3 Bg4 39.Ne1 Rgg8 40.Nd3 Rb8 41.Bc6 Kg7 42.
Nf4 Rgf8 43.Nd5 Rf5 44.Nxe7 Re5 45.Rxe5 dxe5 46.Bd7 Rb6 47.Nd5 Rd6 48.Nf6 
Kf8 49.Nxg4 hxg4 50.g6 1-0

[Event "8th EUR-ch"]
[Site "Dresden GER"]
[Date "2007.04.09"]
[Round "7.127"]
[White "Potapov, Alexander"]
[Black "Grooten, Herman"]
[Result "0-1"]
[WhiteElo "2515"]
[BlackElo "2379"]
[EventDate "2007.04.03"]
[PlyCount "102"]

1.d4 Nf6 2.c4 e6 3.Nc3 Bb4 4.g3 c5 5.Nf3 Ne4 6.Qd3 Qa5 7.Qxe4 Bxc3+ 8.Bd2 
Bxd2+ 9.Nxd2 Nc6 10.dxc5 b6 11.Bg2 Bb7 12.Qf4 bxc5 13.Qd6 Nd8 14.O-O Bxg2 
15.Kxg2 Nb7 16.Qf4 O-O 17.Rfd1 Rad8 18.Nf1 Qb6 19.Ne3 d6 20.Rd2 Rd7 21.Qe4
Qb4 22.Rad1 d5 23.a3 Qa4 24.Qc2 Qxc2 25.Nxc2 Nd6 26.b3 d4 27.Ne1 Rc7 28.
Nd3 a5 29.a4 Rb8 30.Rb2 f6 31.f4 Re8 32.Re1 Nf5 33.Kf3 h5 34.Ke4 Kf7 35.
Rf1 Ke7 36.Rg1 Kd6 37.Rbb1 Kc6 38.Nf2 Rb7 39.Rb2 Reb8 40.Rgb1 Ne3 41.Kd3 
Rb4 42.Ne4 e5 43.fxe5 Nxc4 44.Rc2 Nxe5+ 45.Kd2 c4 46.e3 dxe3+ 47.Kxe3 
Rxb3+ 48.Rxb3 Rxb3+ 49.Ke2 Kd5 50.Nc3+ Kc5 51.Nb5 Nf3 0-1

[Event "8th EUR-ch"]
[Site "Dresden GER"]
[Date "2007.04.09"]
[Round "7.128"]
[White "Ziska, Helgi Dam"]
[Black "Berescu, Alin"]
[Result "1/2-1/2"]
[WhiteElo "2389"]
[BlackElo "2514"]
[EventDate "2007.04.03"]
[PlyCount "38"]

1.e4 e6 2.d3 d5 3.Nd2 c5 4.Ngf3 Nc6 5.g3 Nf6 6.Bg2 Be7 7.O-O b6 8.c3 Qc7 
9.Re1 Bb7 10.a3 dxe4 11.dxe4 Rd8 12.Qc2 O-O 13.Nc4 b5 14.Bf4 Qc8 15.Ncd2 
c4 16.a4 a6 17.axb5 axb5 18.b3 cxb3 19.Qxb3 b4 1/2-1/2

[Event "8th EUR-ch"]
[Site "Dresden GER"]
[Date "2007.04.09"]
[Round "7.129"]
[White "Boros, Denes"]
[Black "Savickas, Airidas"]
[Result "1-0"]
[WhiteElo "2501"]
[BlackElo "2372"]
[EventDate "2007.04.03"]
[PlyCount "63"]

1.e4 c5 2.Nf3 d6 3.d4 cxd4 4.Nxd4 Nf6 5.Nc3 g6 6.Be3 Bg7 7.f3 Nc6 8.Qd2 
O-O 9.Bc4 Bd7 10.h4 Qa5 11.Bb3 Rfc8 12.O-O-O Ne5 13.Kb1 Nc4 14.Bxc4 Rxc4 
15.Nb3 Qd8 16.e5 Ne8 17.h5 Bxe5 18.hxg6 hxg6 19.Bd4 Rxd4 20.Nxd4 Bg7 21.g4
Rc8 22.g5 Rc4 23.Rh4 e6 24.Re4 d5 25.Nxe6 fxe6 26.Rxc4 Qb6 27.b3 Nd6 28.
Nxd5 Nxc4 29.Nxb6 Nxd2+ 30.Rxd2 Bc6 31.Rd7 Kf8 32.f4 1-0

[Event "8th EUR-ch"]
[Site "Dresden GER"]
[Date "2007.04.09"]
[Round "7.130"]
[White "Sievers, Stefan"]
[Black "Akesson, Ralf"]
[Result "1/2-1/2"]
[WhiteElo "2377"]
[BlackElo "2478"]
[EventDate "2007.04.03"]
[PlyCount "75"]

1.e4 c6 2.c4 d5 3.cxd5 cxd5 4.exd5 Nf6 5.Nc3 Nxd5 6.Nf3 Nxc3 7.bxc3 g6 8.
Bb5+ Nd7 9.O-O Bg7 10.Re1 O-O 11.d4 Nb6 12.Bg5 Be6 13.Rxe6 fxe6 14.Qb3 Nd5
15.Re1 Rc8 16.Bd2 a6 17.Bf1 Qd7 18.c4 Nc7 19.Re4 b5 20.c5 Rf5 21.Ba5 Nd5 
22.g3 Rcf8 23.Bg2 Kh8 24.h4 b4 25.a3 Nc3 26.Re3 Qa7 27.Qxb4 Nb5 28.c6 Nxd4
29.Nxd4 Qxd4 30.Qxd4 Bxd4 31.Bc3 Bxc3 32.Rxc3 Rc8 33.Bh3 Re5 34.c7 Kg7 35.
a4 Kf7 36.Bf1 Ra5 37.Bg2 Rd5 38.Bxd5 1/2-1/2

[Event "8th EUR-ch"]
[Site "Dresden GER"]
[Date "2007.04.09"]
[Round "7.131"]
[White "Guliev, Logman"]
[Black "Jirka, Jiri"]
[Result "1-0"]
[WhiteElo "2466"]
[BlackElo "2367"]
[EventDate "2007.04.03"]
[PlyCount "57"]

1.e4 e5 2.Nf3 Nc6 3.Bb5 Nd4 4.Nxd4 exd4 5.O-O Bc5 6.c3 Ne7 7.Bc4 O-O 8.b4 
Bb6 9.Bb2 d5 10.Bd3 c6 11.e5 Nf5 12.cxd4 Nxd4 13.Nc3 Qh4 14.Kh1 f6 15.Qe1 
fxe5 16.Qxe5 Bf5 17.Bb1 Rae8 18.Qg3 Qe7 19.Na4 Bc7 20.Qe3 Qh4 21.g3 Qh5 
22.Qxd4 Be5 23.Qh4 Qf3+ 24.Kg1 d4 25.Bxf5 Rxf5 26.Rae1 Rh5 27.Qe4 Qf6 28.
f4 Qh6 29.Qg2 1-0

[Event "8th EUR-ch"]
[Site "Dresden GER"]
[Date "2007.04.09"]
[Round "7.132"]
[White "Pitl, Gregory"]
[Black "Borriss, Martin"]
[Result "1-0"]
[WhiteElo "2367"]
[BlackElo "2463"]
[EventDate "2007.04.03"]
[PlyCount "149"]

1.e4 c5 2.Nf3 d6 3.d4 cxd4 4.Nxd4 Nf6 5.Nc3 Nc6 6.Bg5 e6 7.Qd2 a6 8.O-O-O 
Bd7 9.f4 h6 10.Bh4 g5 11.fxg5 Ng4 12.Be2 Nge5 13.Nf3 Be7 14.Bf2 hxg5 15.
Na4 Nxf3 16.gxf3 Qa5 17.Qxa5 Nxa5 18.Nb6 Rd8 19.Bg3 Bb5 20.Rhe1 Bxe2 21.
Rxe2 f6 22.Red2 Kf7 23.c3 e5 24.b4 Nc6 25.Kc2 Ke6 26.a4 Rhf8 27.Nd5 f5 28.
Bf2 f4 29.Bb6 Rd7 30.b5 axb5 31.axb5 Nd8 32.Rg1 Nf7 33.Ba5 Rh8 34.Nc7+ Kf6
35.Nd5+ Ke6 36.Nc7+ Kf6 37.Nd5+ Kg6 38.Nb6 Rdd8 39.Nd5 Rde8 40.Bb4 Bd8 41.
Kb3 Rh3 42.Rf2 Reh8 43.Rgg2 R8h4 44.Ka4 g4 45.Ba5 Bxa5 46.Kxa5 Ng5 47.Rxg4
Rxg4 48.fxg4 f3 49.Kb6 Nxe4 50.Rf1 Nd2 51.Rf2 Ne4 52.Rf1 f2 53.Kxb7 Rf3 
54.Kc7 Nd2 55.Rxf2 Rxf2 56.b6 Ne4 57.b7 Nc5 58.b8=N Ne4 59.h4 Rg2 60.g5 
Rh2 61.Ne7+ Kf7 62.Nf5 Ke6 63.Ng7+ Kf7 64.Nf5 Kg6 65.Ne7+ Kh5 66.g6 Kxh4 
67.g7 Nf6 68.Kxd6 e4 69.Ke6 Rf2 70.Nd7 Ng8 71.Nxg8 e3 72.Ne7 e2 73.g8=Q 
e1=Q+ 74.Ne5 Qe4 75.Qg1 1-0

[Event "8th EUR-ch"]
[Site "Dresden GER"]
[Date "2007.04.09"]
[Round "7.133"]
[White "Philippe, Christophe"]
[Black "Hunt, Adam"]
[Result "0-1"]
[WhiteElo "2354"]
[BlackElo "2461"]
[EventDate "2007.04.03"]
[PlyCount "146"]

1.e4 c5 2.Nc3 d6 3.g3 g6 4.Bg2 Bg7 5.d3 Nc6 6.Be3 e5 7.f4 Nge7 8.Nf3 O-O 
9.O-O exf4 10.Bxf4 Be6 11.Qd2 d5 12.Bh6 d4 13.Ne2 Qd6 14.Bxg7 Kxg7 15.Nf4 
Bg4 16.Rf2 f6 17.Raf1 g5 18.Ne2 Rad8 19.h3 Bc8 20.a4 Ng6 21.b3 b6 22.Kh2 
h6 23.Nfg1 a6 24.Bf3 b5 25.axb5 axb5 26.Bh5 Nge5 27.Nf3 Be6 28.Nxe5 Nxe5 
29.Qa5 Ra8 30.Qd2 Ra6 31.Kg2 Bd7 32.g4 Ra2 33.Nc1 Ra1 34.Ne2 Rxf1 35.Rxf1 
Ra8 36.Rb1 Ra2 37.Nc1 Ra3 38.Ne2 Nc6 39.Qc1 Ra6 40.Ra1 Nb4 41.Ng3 Qb6 42.
h4 Rxa1 43.Qxa1 Nxc2 44.Qa8 Ne1+ 45.Kf1 Nxd3 46.Bg6 Bxg4 47.Qe8 Qc7 48.e5 
Nxe5 49.Bf5 Nf7 50.Bxg4 Qf4+ 51.Kg2 Qxg4 52.hxg5 hxg5 53.Qxb5 Ne5 54.Qb7+ 
Kg6 55.Qa8 Kg7 56.Qb7+ Qd7 57.Qb8 Qd5+ 58.Kh2 Qf3 59.Qa7+ Kg6 60.Qa2 d3 
61.b4 c4 62.b5 Qb7 63.b6 Nf3+ 64.Kh3 Qh7+ 65.Nh5 Qxh5+ 66.Kg3 Ne5 67.Qa8 
Qh4+ 68.Kg2 Qg4+ 69.Kf2 Qd4+ 70.Kg2 Qxb6 71.Qg8+ Kf5 72.Qh7+ Ke6 73.Qg8+ 
Ke7 0-1

[Event "8th EUR-ch"]
[Site "Dresden GER"]
[Date "2007.04.09"]
[Round "7.134"]
[White "Esen, Baris"]
[Black "Fruebing, Stefan"]
[Result "1/2-1/2"]
[WhiteElo "2455"]
[BlackElo "2343"]
[EventDate "2007.04.03"]
[PlyCount "157"]

1.d4 d6 2.Nf3 Nf6 3.g3 g6 4.Bg2 Bg7 5.O-O O-O 6.c4 Nc6 7.Nc3 a6 8.h3 Bd7 
9.e4 e5 10.dxe5 Nxe5 11.Nxe5 dxe5 12.Be3 Be6 13.Qe2 c6 14.Rfd1 Qa5 15.a3 
Rfd8 16.Rdc1 Re8 17.b4 Qd8 18.Na4 Nd7 19.Rd1 Qc7 20.c5 Rad8 21.Nb2 Nf8 22.
Bf1 Rxd1 23.Rxd1 Rd8 24.Rxd8 Qxd8 25.Qc2 Qd7 26.h4 Bf6 27.Nc4 Bxc4 28.Bxc4
Ne6 29.Kg2 h5 30.Bc1 Kg7 31.Qe2 Kg8 32.Qf3 Bg7 33.Bb2 Kf8 34.Bc3 Ke7 35.
Kg1 Bf6 36.Kg2 Bg7 37.Qe2 Bf6 38.Bd2 Nd4 39.Qd3 Ne6 40.Qxd7+ Kxd7 41.Bc3 
Ke7 42.Bb2 Nf8 43.Kf3 Ne6 44.Ke2 Nf8 45.Kd1 Nd7 46.Bf1 Kd8 47.Bh3 Kc7 48.
Ke2 Kd8 49.Kd3 Ke7 50.Kc4 Kd8 51.a4 Ke7 52.Bc3 Kd8 53.b5 axb5+ 54.axb5 Ke8
55.Bd2 Be7 56.Be3 Bf8 57.Bf1 Be7 58.Be2 Nf6 59.f3 Nd7 60.Bd1 Nf8 61.Bf2 
Ne6 62.bxc6 bxc6 63.Ba4 Kd7 64.Bb3 Bd8 65.Kb4 Bc7 66.g4 Ke7 67.Bc4 Nf4 68.
Bf1 Kd7 69.Ka4 Bd8 70.Kb4 Bc7 71.Be1 Bd8 72.Bc3 hxg4 73.fxg4 Bxh4 74.Bxe5 
Ne6 75.Bd6 Bf2 76.Kc4 Be3 77.Bg2 Bf2 78.Bf1 Be3 79.Bg2 1/2-1/2

[Event "8th EUR-ch"]
[Site "Dresden GER"]
[Date "2007.04.09"]
[Round "7.136"]
[White "Vuilleumier, Alexandre"]
[Black "Loeffler, Stefan"]
[Result "1-0"]
[WhiteElo "2343"]
[BlackElo "2448"]
[EventDate "2007.04.03"]
[PlyCount "58"]

1.d4 Nf6 2.c4 c6 3.Nc3 d5 4.cxd5 cxd5 5.Nf3 Nc6 6.Bf4 Ne4 7.Qb3 Nxc3 8.
bxc3 g6 9.e3 Bg7 10.Bb5 O-O 11.Bxc6 bxc6 12.O-O f6 13.c4 Bg4 14.cxd5 cxd5 
15.Rac1 Bxf3 16.gxf3 e5 17.Bg3 Rb8 18.Qa4 Qe7 19.Qa5 Rf7 20.dxe5 fxe5 21.
Qxd5 Rd8 22.Qe4 g5 23.Rc6 Qd7 24.Rfc1 Rdf8 25.Qg4 h6 26.h4 gxh4 27.Bxh4 
Qd2 28.Rc7 Qxa2 29.Bf6 Qd2 1-0

[Event "8th EUR-ch"]
[Site "Dresden GER"]
[Date "2007.04.09"]
[Round "7.137"]
[White "Bruned, Yvain"]
[Black "Skoberne, Jure"]
[Result "0-1"]
[WhiteElo "2339"]
[BlackElo "2440"]
[EventDate "2007.04.03"]
[PlyCount "106"]

1.e4 d6 2.d4 Nf6 3.Nc3 g6 4.f4 Bg7 5.Nf3 c5 6.dxc5 Qa5 7.Bd3 Qxc5 8.Qe2 
Bg4 9.Be3 Qa5 10.O-O Nc6 11.h3 Bxf3 12.Qxf3 O-O 13.a3 Nd7 14.Bd2 Qd8 15.
Rab1 e6 16.Ne2 Nc5 17.b4 Nxd3 18.Qxd3 d5 19.Rbd1 Qb6+ 20.Be3 dxe4 21.Qxe4 
Qa6 22.Bc1 Qa4 23.Rd7 Na5 24.Qd3 Nc4 25.Rxb7 Rac8 26.Rd1 Bf6 27.Qb3 Qa6 
28.Rbd7 Nxa3 29.Qxa3 Qxe2 30.R7d2 Qc4 31.Qxa7 Bc3 32.Rd3 Bxb4 33.Be3 Qxc2 
34.Qd4 Bc3 35.Qe4 Qe2 36.Qa4 Be1 37.Qb5 Rc2 38.Qb7 Bf2+ 39.Bxf2 Qxf2+ 40.
Kh1 Qxf4 41.Rf3 Qc7 42.Rb3 Qxb7 43.Rxb7 Rfc8 44.Rf1 R8c7 45.Rb8+ Kg7 46.
Rb3 Rc1 47.Rxc1 Rxc1+ 48.Kh2 Rc7 49.Kg3 f5 50.Kf3 Kf6 51.g3 g5 52.Ra3 h5 
53.Rb3 Rc2 0-1

[Event "8th EUR-ch"]
[Site "Dresden GER"]
[Date "2007.04.09"]
[Round "7.138"]
[White "Landenbergue, Claude"]
[Black "Becker, Martin"]
[Result "1/2-1/2"]
[WhiteElo "2435"]
[BlackElo "2330"]
[EventDate "2007.04.03"]
[PlyCount "37"]

1.e4 c5 2.Nc3 d6 3.Nf3 Nf6 4.d4 cxd4 5.Nxd4 a6 6.f4 e5 7.Nf3 Nbd7 8.a4 Be7
9.Bd3 O-O 10.O-O exf4 11.Kh1 Nc5 12.Bxf4 Bg4 13.Qe2 Re8 14.Bc4 Bh5 15.Rad1
Qc8 16.b3 Qg4 17.Bxd6 Bxd6 18.Rxd6 Ncxe4 19.Nxe4 1/2-1/2

[Event "8th EUR-ch"]
[Site "Dresden GER"]
[Date "2007.04.09"]
[Round "7.139"]
[White "Alsina Leal, Daniel"]
[Black "Eisenbeiser, Amadeus"]
[Result "1/2-1/2"]
[WhiteElo "2428"]
[BlackElo "2328"]
[EventDate "2007.04.03"]
[PlyCount "111"]

1.e4 c5 2.Nf3 e6 3.d4 cxd4 4.Nxd4 a6 5.Bd3 Nf6 6.O-O Qc7 7.Qe2 d6 8.c4 g6 
9.Nc3 Bg7 10.Rd1 O-O 11.Nf3 Nc6 12.Bc2 Ng4 13.Bf4 Nge5 14.Rac1 Nxf3+ 15.
Qxf3 e5 16.Bg5 Be6 17.b3 Nd4 18.Qd3 b5 19.Nd5 Bxd5 20.cxd5 Rac8 21.Bb1 Qd7
22.f3 Rxc1 23.Rxc1 Rc8 24.Rxc8+ Qxc8 25.h3 h5 26.Qd2 Kh7 27.Bd3 Qf8 28.Qa5
Qc8 29.Qd2 Qf8 30.Qc3 Bh6 31.Bf6 Qb8 32.Kh1 Bg7 33.Bh4 Bh6 34.Bf2 Qd8 35.
Bf1 Qf6 36.a4 Qf4 37.axb5 axb5 38.b4 Qd2 39.Qxd2 Bxd2 40.Bxd4 exd4 41.Bxb5
Bxb4 42.g3 Be1 43.Kg2 h4 44.gxh4 Bxh4 45.f4 Bf6 46.Kf3 g5 47.fxg5 Bxg5 48.
e5 dxe5 49.Ke4 Bf6 50.Kf5 Kg7 51.d6 Bh4 52.d7 Bf6 53.Bc4 Bh4 54.Kxe5 Bf6+ 
55.Kd6 Bh4 56.Ke5 1/2-1/2

[Event "8th EUR-ch"]
[Site "Dresden GER"]
[Date "2007.04.09"]
[Round "7.140"]
[White "Paehtz, Thomas"]
[Black "Rahls, Peter"]
[Result "1-0"]
[WhiteElo "2427"]
[BlackElo "2322"]
[EventDate "2007.04.03"]
[PlyCount "85"]

1.d4 c5 2.d5 e5 3.e4 d6 4.Nc3 a6 5.a4 Be7 6.Nf3 Bg4 7.h3 Bxf3 8.Qxf3 Nf6 
9.g3 O-O 10.h4 Nbd7 11.Bh3 b6 12.g4 Ne8 13.g5 Ra7 14.Qg2 c4 15.Nd1 g6 16.
Ra3 Ng7 17.Bg4 Nc5 18.Rah3 Nh5 19.Bxh5 gxh5 20.Ne3 Qd7 21.O-O Qxa4 22.Nf5 
Qxc2 23.Rc3 Qe2 24.Ng3 Qg4 25.f3 Qd7 26.Rxc4 Kh8 27.b4 Nd3 28.Bd2 f6 29.
Qe2 Qh3 30.Qh2 Qd7 31.Qe2 Nf4 32.Bxf4 exf4 33.Nxh5 Qe8 34.Nxf4 fxg5 35.Ne6
gxh4 36.e5 Rg8+ 37.Rg4 h5 38.Qe3 Rg6 39.Rxg6 Qxg6+ 40.Kh1 Ra8 41.Rg1 Qh7 
42.exd6 Bf6 43.Qf4 1-0